Rāmānujaviractaṃ Ṡrībhāṣyam. (Record no. 67081)

MARC details
000 -LEADER
fixed length control field 01021cam a22003131 4500
001 - CONTROL NUMBER
control field sa 66000167
003 - CONTROL NUMBER IDENTIFIER
control field DLC
005 - DATE AND TIME OF LATEST TRANSACTION
control field 20260227112213.0
008 - FIXED-LENGTH DATA ELEMENTS--GENERAL INFORMATION
fixed length control field 800715m19591964ii 000 0 san
010 ## - LIBRARY OF CONGRESS CONTROL NUMBER
LC control number sa 66000167
035 ## - SYSTEM CONTROL NUMBER
System control number (OCoLC)6514750
040 ## - CATALOGING SOURCE
Original cataloging agency DLC
Transcribing agency MdFmN
Modifying agency DLC
041 0# - LANGUAGE CODE
Language code of text/sound track or separate title saneng
042 ## - AUTHENTICATION CODE
Authentication code premarc
050 00 - LIBRARY OF CONGRESS CALL NUMBER
Classification number BL1245.V32
Item number S7 1959
100 0# - MAIN ENTRY--PERSONAL NAME
Personal name Rāmanūjā,
Titles and words associated with a name 1017-1137.
245 10 - TITLE STATEMENT
Title Rāmānujaviractaṃ Ṡrībhāṣyam.
260 ## - PUBLICATION, DISTRIBUTION, ETC.
Place of publication, distribution, etc. [Poona]
Date of publication, distribution, etc. 1959-64.
300 ## - PHYSICAL DESCRIPTION
Extent 3 v.
Other physical details geneal. table.
Dimensions 25 cm.
490 1# - SERIES STATEMENT
Series statement University of Poona Sanskrit and Prakrit series,
Volume/sequential designation v.1
500 ## - GENERAL NOTE
General note Added t. p. in English.
500 ## - GENERAL NOTE
General note A commentary on Bādarāyaṇa's Brahmasūtra.
500 ## - GENERAL NOTE
General note English and Sanskrit; forword, pref., introd. and notes in English.
630 00 - SUBJECT ADDED ENTRY--UNIFORM TITLE
Uniform title Bādarāyaạ. Brahmasūtra.
650 #0 - SUBJECT ADDED ENTRY--TOPICAL TERM
Topical term or geographic name entry element Vedanta.
700 1# - ADDED ENTRY--PERSONAL NAME
Personal name Karmarkar, Raghunath Damodar,
Dates associated with a name 1893-
Relator term ed.
740 0# - ADDED ENTRY--UNCONTROLLED RELATED/ANALYTICAL TITLE
Uncontrolled related/analytical title Ṡrībhāṣyam.
810 2# - SERIES ADDED ENTRY--CORPORATE NAME
Corporate name or jurisdiction name as entry element University of Poona.
Title of a work Sanskrit and Prakrit series ;
Volume/sequential designation v.1.

No items available.

Powered by Koha